| 000 | nam a22 7a 4500 | ||
|---|---|---|---|
| 999 |
_c233400 _d233400 |
||
| 003 | Nust | ||
| 005 | 20170307124919.0 | ||
| 008 | 170307b xxu||||| |||| 00| 0 eng d | ||
| 040 | _cDLC | ||
| 082 | _a333.9115 RAM | ||
| 245 |
_aAssessment of Groundwater Resources and Management / _cRamanathan,Al |
||
| 260 |
_aNew Delhi : _bI.K International Publishing House |
||
| 300 |
_a501p. : _c26cm |
||
| 942 |
_2ddc _cBK |
||